000 00485nam a22001577a 4500
003 NUST
038 _asaima
082 _a004
_bMCS
100 _aTabbasum, Saher
_935170
245 _aX-MAN System Modelling and Verification Through Automated Theorem Proving /
260 _aIslamabad :
_bMCS - NUST,
_c2017
300 _a66 p. ;
_c30cm.
650 _aSoftware Engineering-X-MAN System Modelling and Verification
_935171
700 _aDr. Tauseef Ahmad Rana
_935096
942 _2ddc
_cTHE
999 _c540890
_d540890